<?xml version="1.0" encoding="UTF-8"?>
<record
    xmlns:xsi="http://www.w3.org/2001/XMLSchema-instance"
    xsi:schemaLocation="http://www.loc.gov/MARC21/slim http://www.loc.gov/standards/marcxml/schema/MARC21slim.xsd"
    xmlns="http://www.loc.gov/MARC21/slim">

  <leader>05165nam a2200541 u 4500</leader>
  <controlfield tag="001">312052</controlfield>
  <controlfield tag="005">20260506082703.0</controlfield>
  <controlfield tag="008">981007s1998                        spa  </controlfield>
  <datafield tag="035" ind1=" " ind2=" ">
    <subfield code="a">312052</subfield>
  </datafield>
  <datafield tag="035" ind1=" " ind2=" ">
    <subfield code="a">(OCoLC)318279843</subfield>
  </datafield>
  <datafield tag="040" ind1=" " ind2=" ">
    <subfield code="c">comduadb</subfield>
  </datafield>
  <datafield tag="041" ind1=" " ind2=" ">
    <subfield code="a">spa</subfield>
  </datafield>
  <datafield tag="080" ind1=" " ind2=" ">
    <subfield code="a">S</subfield>
  </datafield>
  <datafield tag="080" ind1=" " ind2=" ">
    <subfield code="a">A</subfield>
  </datafield>
  <datafield tag="082" ind1=" " ind2="4">
    <subfield code="a">323</subfield>
  </datafield>
  <datafield tag="100" ind1="1" ind2="0">
    <subfield code="a">Angarita Ca&#xF1;as, Pablo Emilio</subfield>
    <subfield code="4">com</subfield>
    <subfield code="0">(isni)000000003548558X</subfield>
    <subfield code="0">(viaf)31286678</subfield>
    <subfield code="e">com</subfield>
    <subfield code="9">500147</subfield>
  </datafield>
  <datafield tag="245" ind1="1" ind2="0">
    <subfield code="a">Guerra, paz y derechos humanos en Antioquia : informe de la situaci&#xF3;n de violencia, derechos humanos y Derecho Internacional Humanitario en Antioquia : diagn&#xF3;stico y tesis interpretativas</subfield>
  </datafield>
  <datafield tag="260" ind1=" " ind2=" ">
    <subfield code="a">Medell&#xED;n :</subfield>
    <subfield code="b">IPC (Instituto Popular de Capacitaci&#xF3;n),</subfield>
    <subfield code="c">1998.</subfield>
  </datafield>
  <datafield tag="300" ind1=" " ind2=" ">
    <subfield code="a">282 p&#xE1;ginas :</subfield>
    <subfield code="b">ilustrado, color, mapas</subfield>
  </datafield>
  <datafield tag="505" ind1=" " ind2=" ">
    <subfield code="a">CONTENIDO : Presentaci&#xF3;n. -- Human Rights, Civil Society and the pursuit of a "Common Good" / Jenny Pearce. -- Derechos humanos, sociedad civil y la b&#xFA;squeda de un "bien com&#xFA;n" / Pr&#xF3;logo de Jenny Pearce. -- Violencia, guerra y derecho humanitario : fundamentos te&#xF3;ricos. -- El conflicto pol&#xED;tico armado en Antioquia. -- Derecho internacional humanitario y conflicto armado en Antioquia. -- "El Estado en la oscuridad". Un acercamiento a la desaparici&#xF3;n forzada en Antioquia. -- "Arrancados" o el desplazamiento forzado. -- V&#xED;ctimas de la intolerancia social. -- Homicidios, masacres y muertes m&#xFA;ltiples. -- El secuestro : entre el poder local y el D.I.H. -- Pol&#xED;ticas legales en DD. HH. y D.I.H. -- Guerra, Paz y Derechos Humanos. Tesis interpretativas sobre la violencia en Antioquia. -- Anexos : Mapas. -- Actores armados en Antioquia.</subfield>
  </datafield>
  <datafield tag="520" ind1="3" ind2=" ">
    <subfield code="a">RESUMEN : C&#xF3;mo es que los colombianos y en particular los antioque&#xF1;os resuelven sus conflictos sociales? Cu&#xE1;les son las manifestaciones m&#xE1;s protuberantes de la violencia en Antioquia? Cu&#xE1;les son las cifras concretas en que se expres&#xF3; la violencia y la guerra en este departamento durante 1997? Principalmente, qu&#xE9; interpretaci&#xF3;n se puede hacer en cuanto a los factores causales de la actual violencia social y pol&#xED;tica? Qu&#xE9; se avecina para el futuro inmediato, en t&#xE9;rminos tendenciales? Este trabajo intenta dar respuesta a esos interrogantes. Aqu&#xED; se recoge el informe detallado de la situaci&#xF3;n de violencia, ocurrida durante el a&#xF1;o 1997 en el departamento de Antioquia y se examina el impacto producido por esta, en materia de Derechos Humanos y Derecho Internacional Humanitario. En el primer cap&#xED;tulo se ofrecen las categor&#xED;as b&#xE1;sicas, utilizadas en el curso de esta investigaci&#xF3;n. En este apartado se exponen elementos para entender las similitudes y diferencias entre guerra y violencia y se precisan los conceptos de Derechos Humanos, derecho internacional humanitario y otros afines, como los derechos fundamentales. El segundo y tercer cap&#xED;tulo, est&#xE1;n centrados en toda la informaci&#xF3;n atinente al Derecho Internacional Humanitario. exponemos datos precisos acerca de las acciones y los actores armados, su ubicaci&#xF3;n en cada una de las regiones del departamento y las v&#xED;ctimas del conflicto armado, al tiempo que se establecen las diferencias entre lo que son los miembros de cada una de las fuerzas beligerantes, y los civiles no combatientes. Tambi&#xE9;n establecemos comparaciones entre las regiones, los protagonistas, con a&#xF1;os anteriores y con otras variables como la econom&#xED;a, el narcotr&#xE1;fico, el Estado y la sociedad. Pr&#xE1;cticas sociales como la desaparici&#xF3;n forzada, el desplazamiento y las acciones de intolerancia social son consideradas en el &#xE1;mbito del Derecho Internacional, como propio de los derechos humanos, en el sentido riguroso del t&#xE9;rmino...Tomado de la presentaci&#xF3;n.</subfield>
  </datafield>
  <datafield tag="610" ind1="1" ind2="4">
    <subfield code="a">Colombia.</subfield>
    <subfield code="b">Fuerzas Armadas</subfield>
    <subfield code="9">853864</subfield>
  </datafield>
  <datafield tag="650" ind1=" " ind2=" ">
    <subfield code="a">Antioquia (Colombia)</subfield>
    <subfield code="9">77506</subfield>
  </datafield>
  <datafield tag="650" ind1=" " ind2="7">
    <subfield code="a">Derecho internacional humanitario</subfield>
    <subfield code="2">lemb</subfield>
    <subfield code="9">36586</subfield>
  </datafield>
  <datafield tag="650" ind1=" " ind2="7">
    <subfield code="a">Conflicto armado</subfield>
    <subfield code="2">lemb</subfield>
    <subfield code="9">51377</subfield>
  </datafield>
  <datafield tag="650" ind1=" " ind2=" ">
    <subfield code="a">Desplazados</subfield>
    <subfield code="9">15474</subfield>
  </datafield>
  <datafield tag="650" ind1=" " ind2="7">
    <subfield code="a">Violencia pol&#xED;tica</subfield>
    <subfield code="2">lemb</subfield>
    <subfield code="9">130363</subfield>
  </datafield>
  <datafield tag="650" ind1=" " ind2="7">
    <subfield code="a">Conflicto armado</subfield>
    <subfield code="z">Antioquia (Colombia)</subfield>
    <subfield code="2">lemb</subfield>
    <subfield code="9">77397</subfield>
  </datafield>
  <datafield tag="650" ind1=" " ind2="7">
    <subfield code="a">Desplazamiento forzado</subfield>
    <subfield code="z">Antioquia (Colombia)</subfield>
    <subfield code="2">lemb</subfield>
    <subfield code="9">171723</subfield>
  </datafield>
  <datafield tag="650" ind1=" " ind2="7">
    <subfield code="a">Secuestro</subfield>
    <subfield code="z">Colombia</subfield>
    <subfield code="2">lemb</subfield>
    <subfield code="9">801</subfield>
  </datafield>
  <datafield tag="650" ind1=" " ind2="7">
    <subfield code="a">Masacres</subfield>
    <subfield code="z">Colombia</subfield>
    <subfield code="2">lemb</subfield>
    <subfield code="9">47270</subfield>
  </datafield>
  <datafield tag="650" ind1=" " ind2="7">
    <subfield code="a">Paramilitarismo</subfield>
    <subfield code="2">lemb</subfield>
    <subfield code="9">21119</subfield>
  </datafield>
  <datafield tag="650" ind1=" " ind2=" ">
    <subfield code="a">Paramilitarismo - Antioquia (Colombia)</subfield>
    <subfield code="9">146542</subfield>
  </datafield>
  <datafield tag="650" ind1=" " ind2=" ">
    <subfield code="a">Derecho internacional humanitario - Antioquia</subfield>
    <subfield code="9">66233</subfield>
  </datafield>
  <datafield tag="650" ind1=" " ind2=" ">
    <subfield code="a">Informes de actividades</subfield>
    <subfield code="9">117883</subfield>
  </datafield>
  <datafield tag="650" ind1=" " ind2=" ">
    <subfield code="a">Derechos humanos - Antioquia (Colombia) - Informes</subfield>
    <subfield code="9">219489</subfield>
  </datafield>
  <datafield tag="650" ind1=" " ind2=" ">
    <subfield code="a">Derecho internacional humanitario - Antioquia (Colombia) - Informes</subfield>
    <subfield code="9">221813</subfield>
  </datafield>
  <datafield tag="650" ind1=" " ind2=" ">
    <subfield code="a">Paz - Antioquia (Colombia) </subfield>
    <subfield code="9">73212</subfield>
  </datafield>
  <datafield tag="650" ind1=" " ind2="7">
    <subfield code="a">Violencia</subfield>
    <subfield code="z">Antioquia (Colombia)</subfield>
    <subfield code="2">lemb</subfield>
    <subfield code="9">44911</subfield>
  </datafield>
  <datafield tag="650" ind1=" " ind2=" ">
    <subfield code="a">Derechos civiles - Antioquia (Colombia)</subfield>
    <subfield code="9">221122</subfield>
  </datafield>
  <datafield tag="700" ind1="1" ind2="0">
    <subfield code="a">Restrepo Arango, Nelson Javier</subfield>
    <subfield code="4">res</subfield>
    <subfield code="e">res</subfield>
    <subfield code="9">302126</subfield>
  </datafield>
  <datafield tag="700" ind1="1" ind2="0">
    <subfield code="a">V&#xE9;lez Rodriguez, Jhon Fredy</subfield>
    <subfield code="4">res</subfield>
    <subfield code="e">res</subfield>
    <subfield code="9">599269</subfield>
  </datafield>
  <datafield tag="700" ind1="1" ind2="0">
    <subfield code="a">Arias , Diana (Investigadora)</subfield>
    <subfield code="4">res</subfield>
    <subfield code="e">res</subfield>
    <subfield code="9">722726</subfield>
  </datafield>
  <datafield tag="700" ind1="1" ind2="0">
    <subfield code="a">Costello, Paolo</subfield>
    <subfield code="4">res</subfield>
    <subfield code="e">res</subfield>
    <subfield code="9">374989</subfield>
  </datafield>
  <datafield tag="700" ind1="1" ind2="0">
    <subfield code="a">Osorio M., Cesar A.</subfield>
    <subfield code="4">res</subfield>
    <subfield code="e">res</subfield>
    <subfield code="9">525745</subfield>
  </datafield>
  <datafield tag="710" ind1="2" ind2="0">
    <subfield code="a">Instituto Popular de Capacitaci&#xF3;n</subfield>
    <subfield code="4">aut</subfield>
    <subfield code="0">(viaf)138050862</subfield>
    <subfield code="e">aut</subfield>
    <subfield code="9">833849</subfield>
  </datafield>
  <datafield tag="942" ind1=" " ind2=" ">
    <subfield code="c">BOOK</subfield>
  </datafield>
  <datafield tag="999" ind1=" " ind2=" ">
    <subfield code="c">106970</subfield>
    <subfield code="d">106970</subfield>
  </datafield>
  <datafield tag="952" ind1=" " ind2=" ">
    <subfield code="0">0</subfield>
    <subfield code="1">0</subfield>
    <subfield code="4">0</subfield>
    <subfield code="7">0</subfield>
    <subfield code="8">ANTIOQUIA</subfield>
    <subfield code="a">BC</subfield>
    <subfield code="b">BC</subfield>
    <subfield code="d">1998-10-07</subfield>
    <subfield code="e">Material adquirido por donaci&#xF3;n</subfield>
    <subfield code="i">C391860</subfield>
    <subfield code="l">0</subfield>
    <subfield code="o">323.4 G934</subfield>
    <subfield code="p">61000000153847</subfield>
    <subfield code="r">2023-04-22 00:00:00</subfield>
    <subfield code="t">1</subfield>
    <subfield code="w">2023-04-22</subfield>
    <subfield code="y">BOOKI</subfield>
  </datafield>
  <datafield tag="952" ind1=" " ind2=" ">
    <subfield code="0">0</subfield>
    <subfield code="1">0</subfield>
    <subfield code="4">0</subfield>
    <subfield code="7">0</subfield>
    <subfield code="8">GENERAL</subfield>
    <subfield code="a">IEP</subfield>
    <subfield code="b">IEP</subfield>
    <subfield code="d">2005-08-11</subfield>
    <subfield code="e">Material adquirido por donaci&#xF3;n</subfield>
    <subfield code="i">C877109</subfield>
    <subfield code="l">0</subfield>
    <subfield code="o">S01314</subfield>
    <subfield code="p">0602534</subfield>
    <subfield code="r">2023-04-22 00:00:00</subfield>
    <subfield code="t">2</subfield>
    <subfield code="w">2023-04-22</subfield>
    <subfield code="y">BOOK</subfield>
  </datafield>
  <datafield tag="952" ind1=" " ind2=" ">
    <subfield code="0">0</subfield>
    <subfield code="1">0</subfield>
    <subfield code="4">0</subfield>
    <subfield code="7">0</subfield>
    <subfield code="8">ANTIOQUIA</subfield>
    <subfield code="a">BC</subfield>
    <subfield code="b">BC</subfield>
    <subfield code="d">1998-11-14</subfield>
    <subfield code="e">Material adquirido por donaci&#xF3;n</subfield>
    <subfield code="i">C395599</subfield>
    <subfield code="l">0</subfield>
    <subfield code="o">323.4 G934 e2</subfield>
    <subfield code="p">61000000192712</subfield>
    <subfield code="r">2023-04-22 00:00:00</subfield>
    <subfield code="t">3</subfield>
    <subfield code="w">2023-04-22</subfield>
    <subfield code="y">BOOKI</subfield>
  </datafield>
  <datafield tag="952" ind1=" " ind2=" ">
    <subfield code="0">0</subfield>
    <subfield code="1">0</subfield>
    <subfield code="4">0</subfield>
    <subfield code="7">0</subfield>
    <subfield code="8">GEN</subfield>
    <subfield code="a">BC</subfield>
    <subfield code="b">BC</subfield>
    <subfield code="d">2016-04-06</subfield>
    <subfield code="e">Material adquirido por donaci&#xF3;n</subfield>
    <subfield code="g">15000.00</subfield>
    <subfield code="i">C1242467</subfield>
    <subfield code="l">0</subfield>
    <subfield code="o">323.4 G934 e3</subfield>
    <subfield code="p">1045877</subfield>
    <subfield code="r">2025-03-07 16:50:14</subfield>
    <subfield code="t">4</subfield>
    <subfield code="w">2023-04-22</subfield>
    <subfield code="y">BOOK</subfield>
  </datafield>
  <datafield tag="952" ind1=" " ind2=" ">
    <subfield code="0">0</subfield>
    <subfield code="1">0</subfield>
    <subfield code="2">ddc</subfield>
    <subfield code="4">0</subfield>
    <subfield code="7">0</subfield>
    <subfield code="8">GENERAL</subfield>
    <subfield code="a">CARME</subfield>
    <subfield code="b">CARME</subfield>
    <subfield code="d">2023-02-24</subfield>
    <subfield code="e">Material adquirido por donaci&#xF3;n</subfield>
    <subfield code="f">DONA</subfield>
    <subfield code="g">20000.00</subfield>
    <subfield code="i">C13331601</subfield>
    <subfield code="l">0</subfield>
    <subfield code="o">323.4 G934</subfield>
    <subfield code="p">01088815</subfield>
    <subfield code="r">2023-04-22 00:00:00</subfield>
    <subfield code="t">5</subfield>
    <subfield code="w">2023-04-22</subfield>
    <subfield code="y">BOOK</subfield>
  </datafield>
</record>
